Normal view
MARC view
Entry Topical Term
001 - CONTROL NUMBER
- control field: 243780
003 - CONTROL NUMBER IDENTIFIER
- control field: OSt
005 - DATE AND TIME OF LATEST TRANSACTION
- control field: 20251104125925.0
008 - FIXED-LENGTH DATA ELEMENTS
- fixed length control field: 251104|| aca||aabn | a|a d
040 ## - CATALOGING SOURCE
- Original cataloging agency: OSt
- Transcribing agency: OSt
150 ## - HEADING--TOPICAL TERM
- Topical term or geographic name entry element: Folklore
670 ## - SOURCE DATA FOUND
- Source citation: Work cat.: (OSt)114728: RAJENDRA (D K). ಜನಪದ ಶಿಷ್ಟಪದ. ರಾಜೇಂದ್ರ (ಡಿ ಕೆ) 243778, Janapada shishtapada., 2003